Top 10 Najgorszych Polityków w III RP wg AI - Statystyki

Ogólne statystyki
  • Ten quiz został rozwiązany 48 razy
  • Średni wynik to 4 z 10
Statystyki odpowiedzi
Wskazówka Polityk % Poprawnych
Premier, Wicepremier Jarosław Kaczyński
85%
Minister Sprawiedliwości Zbigniew Ziobro
70%
Premier, Wicepremier Beata Szydło
66%
Marszałek Sejmu Elżbieta Witek
47%
Premier, MSW, Min. Pracy Leszek Miller
43%
Wicepremier, Minister Rolnictwa Andrzej Lepper
38%
Premier Kazimierz Marcinkiewicz
30%
MSW, koordynator służb spec. Mariusz Kamiński
23%
Poseł, Publicysta Janusz Korwin-Mikke
15%
Maszałek Sejmu, MSZ Grzegorz Schetyna
13%
Nie znaleziono quizów pasujących do podanych kryteriów
Rozkład punktacji
Procent ludzi z każdym wynikiem
Percentyl według liczby udzielonych odpowiedzi
Twoja historia wyników
Nie rozwiązałeś tego quizu